03329nam a22001937a 4500003000900000005001700009008004100026040001300067100005400080245008200134250000600216260005500222300002000277490001900297520267500316942001202991999001703003952011503020IT-RoPau20220918175937.0121214b xxu||||| |||| 00| 0 eng d cIT-RoPau aAlberione GiacomoqFondatore Famiglia Paolina919 aL' apostolato dell'edizione.bManuale direttivo di formazione e di apostolato aI aRomabSocietà San Paolo Casa Generalizia c2000 a399 p.c21,5 cm aOpera OmniavI aSOMMARIO Presentazione Avvertenze INTRODUZIONE PARTE PRIMA: L' APOSTOLATO E L' APOSTOLO Prima Sezione: L' APOSTOLATO Capo I: L' EDIZIONE, MEZZO DI APOSTOLATO Capo II: OGGETTO DELL' APOSTOLATO Capo III: ORDINE DELL' APOSTOLATO DELL' EDIZIONE Capo IV: CARATTERE DELL' APOSTOLATO DELL' EDIZIONE Capo V: LE ESIGENZE DELL' APOSTOLATO DELL' EDIZIONE Capo VI: IL METODO NELL' APOSTOLATO DELL' EDIZIONE Seconda Sezione: L' APOSTOLO Capo I: IL MINISTRO ORDINARIO Capo II: I RELIGIOSI NELL' APOSTOLATO DELL' EDIZIONE Capo III: LE NECESSITA' DEI TEMPI Capo IV: LA PIA SOCIETA' SAN PAOLO Capo V: I CATTOLICI LAICI NELL' APOSTOLATO DELL' EDIZIONE Capo VI: LA FORMAZIONE DELL' APOSTOLO Capo VII: LA S.MESSA DELL' APOSTOLO DELL' EDIZIONE Capo VIII: LA COMUNIONE Capo IX: LA MEDITAZIONE Capo X: VISITA AL SS. SACRAMENTO Capo XI: ESAME DI COSCIENZA Capo XII: COME L' APOSTOLO DEVE CONSIDERARE MARIA SANTISSIMA Capo XIII: UNA CARATTERISTICA DELL' APOSTOLO PARTE SECONDA: GLI APOSTOLI DELLA STAMPA DEL CINEMA E DELLA RADIO Prima Sezione: L' APOSTOLATO DELLA STAMPA Capo I: ORIGINE E SVILUPPO DELL' APOSTOLATO DELLA STAMPA Capo II: LA REDAZIONE NELL' APOSTOLATO DELLA STAMPA Capo III: LE GRANDI E VERITA' Capo IV: L' ADATTAMENTO AI LETTORI Capo V: DIO MODELLO DELL' APOSTOLO SCRITTORE Capo VI: LA SACRA BIBBIA Capo VII: L' OPERA BIBLICA Capo VIII: STORIA ECCLESIASTICA Capo IX: LA SANTISSIMA VERGINE Capo X: SACRA TEOLOGIA Capo XI: ASCETICA E MISTICA Capo XII: LITURGIA Capo XIII: I SANTI PADRI Capo XIV: OPERA CATECHISTICA Capo XV: I PAPI Capo XVI: AGIOGRAFIA E BIOGRAFIA Capo XVII: APOLOGIA SACRA Capo XVIII: IL QUOTIDIANO Capo XIX: RIVISTE E PERIODICI Capo XX: BOLLETINO PARROCHIALE Capo XXI: LETTURE AMENE Capo XXII: LETTERATURA PER L' INFANZIA E PER LA FANCULLEZZA Capo XXIII: MISSIONOLOGIA Capo XXIV: I TESTI SCOLASTICI Capo XXV: GEOGRAFIA Capo XXVI: RIVISTE BIBLIOGRAFICHE Capo XXVII/BIS: RECENSIONI Capo XXVIII: ILLUSTRAZIONI Capo XXIX: LA TECNICA NELLA STAMPA Capo XXX: LA PROPAGANDA Capo XXXI: IL PROPAGANDISTA Capo XXXII: FORME DI PROPAGANDA Capo XXXIII: CENTRI DI DIFFUSIONE Capo XXXIV: BIBLIOTECHE Capo XXXV: PROPAGANDA A DOMICILIO Capo XXXVI: GIORNATA DEL VANGELO Capo XXXVII: PRATICA DELL' APOSTOLATO- STAMPA NELLA PIA SOCIETA' SAN PAOLO Capo XXXVIII: I PECCATI CAUSATI DALLA STAMPA Seconda Sezione: L' APOSTOLATO DEL CINEMATOGRAFO Capo I: IL CINEMATOGRAFO E L' APOSTOLATO RELIGIOSO Capo II: CRISTIANIZZARE IL CINEMATOGRAFO Capo IIII: CREARE UNA CINEMATOGRAFIA CATTOLICA Capo IV: LA STAMPA E IL CINEMATOGRAFO Terza Sezione: L' APOSTOLATO DELLA RADIO LA RADIO E IL PROBLEMA RELIOGIOSO Conclusione APPENDICE INDICI 2ddccBK c37660d37660 00102ddc406PA_000000000000000_771aPAULUSbPAULUSd2012-12-14l0oPA7r2012-12-14 00:00:00w2012-12-14yBK